000 00456cam a2200193ua 4500
001 8732
008 160220n II |||gr||||Z||||||hin
040 _aMAIN
041 _aEnglish
082 _a920 SUK
100 _aSUKLA , SANJAY .
245 _aSAI BABA (Hindi)
260 _aDELHI:
_bREEMA & CO,
_c2009.
300 _a128:
_c20CM.
500 _aFree Copy by Publisher
653 _aHindi Books
700 _aSUKLA , SANJAY .,
_eAuthor.
942 _cBK
999 _c8708
_d8708